Motivasi untuk Rakan Muda (3) (Record no. 160244)

MARC details
000 -LEADER
fixed length control field 00751nam a2200265 i 4500
001 - CONTROL NUMBER
control field C2-0216737
003 - CONTROL NUMBER IDENTIFIER
control field PPAK
005 - DATE AND TIME OF LATEST TRANSACTION
control field 20180728105342.0
008 - FIXED-LENGTH DATA ELEMENTS--GENERAL INFORMATION
fixed length control field 990526s1997 my a|||| ||||| | may d
020 ## - INTERNATIONAL STANDARD BOOK NUMBER
International Standard Book Number 9830571890
040 ## - CATALOGING SOURCE
Original cataloging agency PPAK
Language of cataloging eng
Transcribing agency PPAK
Description conventions rda
082 04 - DEWEY DECIMAL CLASSIFICATION NUMBER
Classification number 153.1534
Edition number 23
090 00 - LOCALLY ASSIGNED LC-TYPE CALL NUMBER (OCLC); LOCAL CALL NUMBER (RLIN)
Classification number (OCLC) (R) ; Classification number, CALL (RLIN) (NR) 153.1534
Feature heading ARR
Feature heading RK
100 0# - MAIN ENTRY--PERSONAL NAME
Personal name A. R. Rahman,
Relator term author
245 10 - TITLE STATEMENT
Title Motivasi untuk Rakan Muda (3)
264 #1 - PRODUCTION, PUBLICATION, DISTRIBUTION, MANUFACTURE, AND COPYRIGHT NOTICE
Place of production, publication, distribution, manufacture Kuala Lumpur :
Name of producer, publisher, distributor, manufacturer Goodmark ,
Date of production, publication, distribution, manufacture, or copyright notice 1997
300 ## - PHYSICAL DESCRIPTION
Extent 39 pages :
Other physical details colour illustrations ;
Dimensions 30 cm
336 ## - CONTENT TYPE
Source rdacontent
Content type term text
337 ## - MEDIA TYPE
Source rdamedia
Media type term unmediated
338 ## - CARRIER TYPE
Source rdacarrier
Carrier type term volume
490 1# - SERIES STATEMENT
Series statement Siri Motivasi Untuk Kepimpinan
650 10 - SUBJECT ADDED ENTRY--TOPICAL TERM
Topical term or geographic name entry element Motivation
830 #0 - SERIES ADDED ENTRY--UNIFORM TITLE
Uniform title Siri Motivasi Untuk Kepimpinan
942 ## - ADDED ENTRY ELEMENTS (KOHA)
-- dc
Koha item type Book
Holdings
Withdrawn Not for loan Current library Shelving location Date acquired Full call number Barcode Date last seen Koha item type
  Not For Loan Perpustakaan Alor Setar Rujukan Kanak-kanak 26/05/1999 RK 153.1534 ARR A00263411 01/06/2018 Book
  Not For Loan Perpustakaan Awam Sungai Petani Rujukan Kanak-kanak 26/05/1999 RK 153.1534 ARR A00263412 01/06/2018 Book
  Not For Loan Perpustakaan Jitra Rujukan Kanak-kanak 26/05/1999 RK 153.1534 ARR A00263413 01/06/2018 Book
  Not For Loan Perpustakaan Kulim Rujukan Kanak-kanak 26/05/1999 RK 153.1534 ARR A00263415 01/06/2018 Book
  Not For Loan Perpustakaan Sik Rujukan Kanak-kanak 26/05/1999 RK 153.1534 ARR A00263418 01/06/2018 Book
  Not For Loan Perpustakaan Yan Rujukan Kanak-kanak 26/05/1999 RK 153.1534 ARR A00263416 01/06/2018 Book